Visualizzazione normale
Vista MARC
- Gariel, Veronique
di Personal Name
Records bibliografici associati: 1
001 - CONTROL NUMBER
- control field: 420
003 - CONTROL NUMBER IDENTIFIER
- control field: IT-RoPau
005 - DATE AND TIME OF LATEST TRANSACTION
- control field: 20130213093800.0
008 - FIXED-LENGTH DATA ELEMENTS
- fixed length control field: 130213|| aca||aabn | a|a d
040 ## - CATALOGING SOURCE
- Original cataloging agency: IT-RoPau
- Transcribing agency: IT-RoPau
100 ## - HEADING--PERSONAL NAME
- Personal name: Gariel, Veronique
670 ## - SOURCE DATA FOUND
- Source citation: Work cat.: (IT-RoPau)35071: Gariel, Veronique , La parole de Dieu diffusée à l’aide des Techniques modernes par la Société Saint-Paul, 1956